Agricultural wheeled tractors and certain parts, 18 June 1984 /

Saved in:
Bibliographic Details
Corporate Author: Australia. Industries Assistance Commission
Format: Book
Language:English
Published: Canberra : Australian Government Publishing Service, 1984.
Series:Industries Assistance Commission report ; no. 348
Subjects:
LEADER 01332nam a2200301 a 4500
001 c000005109
003 CARM
005 00000000000000.0
008 s1984 aca b f00010 eng d
019 1 |a 13749460  |z 3675078  |5 LACONCORD2021 
020 |a 0644034769 (pbk.) :  |c price unknown 
035 |a (OCoLC)27508002  |5 LACONCORD2021 
042 |a anuc 
043 |a u-at--- 
110 1 |a Australia.  |b Industries Assistance Commission. 
245 1 0 |a Agricultural wheeled tractors and certain parts, 18 June 1984 /  |c Industries Assistance Commission report. 
260 |a Canberra :  |b Australian Government Publishing Service,  |c 1984. 
300 |a 91 p. ;  |c 25 cm. 
490 1 |a Industries Assistance Commission report ;  |v no. 348 
500 |a Australian Government Publishing Service cat. no. 8413255. 
504 |a Includes bibliographical references. 
650 0 |a Tariff on tractors  |z Australia. 
650 0 |a Tractor industry  |z Australia. 
810 1 |a Australia.  |b Industries Assistance Commission.  |t Industries Assistance Commission report ;  |v no. 348. 
852 8 |b CARM  |h A2:AJ33F0  |i C04723  |p 0185530  |f BK 
082 0 4 |a 336.2/66631372/0994  |2 19 
999 f f |i 3f888f70-8279-5723-a4e8-568d118577a6  |s 9daeab4c-e84a-52e9-ba0e-370107022f6b 
952 f f |p Can circulate  |a CAVAL  |b CAVAL  |c CAVAL  |d CARM 1 Store  |e C04723  |f A2:AJ33F0  |h Other scheme  |i book  |m 0185530